[Event "GER-chB Seniors 26th"]
[Site "Bad Neuenahr"]
[Date "2014.08.05"]
[Round "1"]
[White "Mittenzwei, Ingo"]
[Black "Glienke, Norbert"]
[Result "1/2-1/2"]
[WhiteElo "1583"]
[BlackElo "1834"]
[PlyCount "95"]
[EventDate "2014.08.05"]
[EventType "swiss"]
[EventRounds "9"]
[EventCountry "GER"]
[SourceTitle "EXT 2018"]
[Source "ChessBase"]
[SourceDate "2017.10.13"]
[SourceVersion "1"]
[SourceVersionDate "2017.10.13"]
[SourceQuality "1"]

1. d4 g6 2. Nf3 Bg7 3. g3 c5 4. Bg2 cxd4 5. Nxd4 Nc6 6. c3 Nxd4 7. cxd4 Nf6 8. Nc3 0-0 9. 0-0 d5 10. Bf4 Qa5 11. Bd2 Qb6 12. Bc1 e6 13. e3 Bd7 14. b3 Rac8 15. Bb2 Rc7 16. Qd2 Rfc8 17. Rfc1 Qb4 18. Rc2 a6 19. Rac1 b5 20. Ne2 Qxd2 21. Rxd2 Ne4 22. Bxe4 dxe4 23. Rxc7 Rxc7 24. Nc3 Bc6 25. Ba3 Bf8 26. Bc5 b4 27. Nd1 Bb5 28. Rc2 Bd3 29. Rc1 Bxc5 30. dxc5 Kf8 31. Nb2 Bb5 32. Kg2 Ke7 33. f4 Kd7 34. Kf2 a5 35. Ke1 Kc6 36. Nc4 Bxc4 37. Rxc4 f5 38. Kd2 Rd7+ 39. Rd4 Rd5 40. h3 Kxc5 41. Rxd5+ Kxd5 42. Ke2 e5 43. Kf2 exf4 44. gxf4 h5 45. h4 Kc5 46. Ke2 a4 47. Kd2 a3 48. Kc2 1/2-1/2

[Event "Bad Woerishofen Seniors op 30th"]
[Site "Bad Woerishofen"]
[Date "2014.03.23"]
[Round "3"]
[White "Aufmwasser, Guenter"]
[Black "Mittenzwei, Ingo"]
[Result "0-1"]
[WhiteElo "1704"]
[BlackElo "1598"]
[PlyCount "75"]
[EventDate "2014.03.21"]
[EventType "swiss"]
[EventRounds "9"]
[EventCountry "GER"]
[SourceTitle "EXT 2019"]
[Source "ChessBase"]
[SourceDate "2018.10.10"]
[SourceVersion "1"]
[SourceVersionDate "2018.10.10"]
[SourceQuality "1"]

1. f4 d5 2. Nf3 Nf6 3. e3 g6 4. b3 Bg7 5. Bb2 0-0 6. Be2 Nbd7 7. 0-0 c6 8. Nc3 b6 9. Qe1 Nc5 10. Ne5 Qc7 11. d3 Nfd7 12. d4 Nxe5 13. dxc5 Ng4 14. Bxg4 Bxg4 15. cxb6 axb6 16. a4 e5 17. Ba3 Rfe8 18. Qg3 Bf5 19. Rac1 d4 20. e4 exf4 21. Qxf4 Be5 22. Qh4 Be6 23. Ne2 b5 24. Bc5 bxa4 25. bxa4 Rxa4 26. Ra1 Rea8 27. Rxa4 Rxa4 28. Nf4 Bc4 29. Nd3 Bg7 30. Qf2 Ra2 31. Rd1 Bxd3 32. Bxd4 Rxc2 33. Qe3 Bb5 34. Bxg7 Kxg7 35. Qd4+ Kg8 36. Qf6 Qb6+ 37. Kh1 Bd3 38. Qf3 0-1

[Event "Bad Woerishofen Seniors op 28th"]
[Site "Bad Woerishofen"]
[Date "2012.03.08"]
[Round "7.59"]
[White "Mittenzwei, Ingo"]
[Black "Buss, Richard"]
[Result "0-1"]
[WhiteElo "1557"]
[BlackElo "1401"]
[PlyCount "99"]
[EventDate "2012.03.02"]
[EventType "swiss"]
[EventRounds "9"]
[EventCountry "GER"]
[SourceTitle "EXT 2022"]
[Source "ChessBase"]
[SourceDate "2021.10.06"]
[SourceVersion "1"]
[SourceVersionDate "2021.10.06"]
[SourceQuality "1"]

1. d4 d5 2. c4 c6 3. Nf3 e6 4. e3 Nf6 5. Nc3 Be7 6. Be2 0-0 7. 0-0 Nbd7 8. Qc2 Re8 9. a3 Nf8 10. b4 dxc4 11. Bxc4 Nd5 12. Bb2 a6 13. Rfd1 Qc7 14. e4 Nf4 15. Ne2 N8g6 16. Nxf4 Nxf4 17. Bc1 Ng6 18. e5 b5 19. Bb3 Qb7 20. Qe2 a5 21. Bd2 a4 22. Bc2 Bd7 23. Be4 Rac8 24. Bg5 Nf8 25. h4 h6 26. Bxe7 Rxe7 27. h5 Be8 28. Nh4 Rd8 29. Rd3 Red7 30. Rad1 Qb6 31. Nf3 Nh7 32. Qe3 f5 33. exf6 Nxf6 34. Bg6 Re7 35. Ne5 Qc7 36. Qf3 Nd5 37. Rc1 Rd6 38. Qe4 Nf6 39. Qf3 Nd5 40. Bxe8 Rxe8 41. Qg3 Rf8 42. Ng6 Rf7 43. Ne5 Rf4 44. Ng4 Kh7 45. Ne5 Rf6 46. Nxc6 Nf4 47. Rd2 Rxc6 48. Re1 Rc1 49. Rdd1 Rxd1 50. Rxd1 0-1